Accountancy and corporate property management (Record no. 66509)
[ view plain ]
| 000 -LEADER | |
|---|---|
| fixed length control field | 01564cam a2200289 4500 |
| 001 - CONTROL NUMBER | |
| control field | ABS63697 |
| 008 - FIXED-LENGTH DATA ELEMENTS--GENERAL INFORMATION | |
| fixed length control field | 000000n2001 000 0 eng u |
| 035 ## - SYSTEM CONTROL NUMBER | |
| System control number | (Sirsi) u111618 |
| 100 ## - MAIN ENTRY--PERSONAL NAME | |
| Personal name | Evans, M. |
| 245 ## - TITLE STATEMENT | |
| Title | Accountancy and corporate property management |
| 260 ## - PUBLICATION, DISTRIBUTION, ETC. | |
| Date of publication, distribution, etc. | 2001 |
| 490 ## - SERIES STATEMENT | |
| Series statement | Journal of Property Investment and Finance |
| Volume/sequential designation | 19(2) 2001, 211-223(13) |
| 520 ## - SUMMARY, ETC. | |
| Summary, etc. | Considers the role played by property within UK-based corporate organisations. Looks in particular at the impact, and importance, of property to the financial standing of corporations. Discusses the rules and regulations that affect accounting for property. Moves on to provide details of the new and proposed provisions from the Accounting Standards Board (ASB), which include a number of Financial Reporting Standards. Highlights the ASB's aims and the likely impact of these measures on the UK property market. Considers the proposals from the viewpoint of the property professional and the accountant. Suggests that in order to meet the new ASB standards, in future management will need to put a greater emphasis on their property portfolio. |
| 590 ## - LOCAL NOTE (RLIN) | |
| Local note | ABS |
| 650 ## - SUBJECT ADDED ENTRY--TOPICAL TERM | |
| Topical term or geographic name entry element | ACCOUNTANCY |
| 650 ## - SUBJECT ADDED ENTRY--TOPICAL TERM | |
| Topical term or geographic name entry element | CORPORATE PROPERTY |
| 650 ## - SUBJECT ADDED ENTRY--TOPICAL TERM | |
| Topical term or geographic name entry element | UNITED KINGDOM |
| 650 ## - SUBJECT ADDED ENTRY--TOPICAL TERM | |
| Topical term or geographic name entry element | CORPORATE REAL ESTATE |
| 650 ## - SUBJECT ADDED ENTRY--TOPICAL TERM | |
| Topical term or geographic name entry element | ACCOUNTING STANDARDS BOARD |
| 650 ## - SUBJECT ADDED ENTRY--TOPICAL TERM | |
| Topical term or geographic name entry element | ACCOUNTANCY RULES |
| 650 ## - SUBJECT ADDED ENTRY--TOPICAL TERM | |
| Topical term or geographic name entry element | PROPERTY-COMMERCIAL PROPERTY |
| 650 ## - SUBJECT ADDED ENTRY--TOPICAL TERM | |
| Topical term or geographic name entry element | MANAGEMENT |
| 690 ## - LOCAL SUBJECT ADDED ENTRY--TOPICAL TERM (OCLC, RLIN) | |
| Topical term or geographic name as entry element | MANAGEMENT-BUSINESS MANAGEMENT-FINANCIAL MANAGEMENT |
| 700 ## - ADDED ENTRY--PERSONAL NAME | |
| Personal name | French, N. |
| 700 ## - ADDED ENTRY--PERSONAL NAME | |
| Personal name | O'Roarty, B. |
| 942 ## - ADDED ENTRY ELEMENTS (KOHA) | |
| Suppress in OPAC | 0 |
| Withdrawn status | Lost status | Source of classification or shelving scheme | Damaged status | Not for loan | Home library | Current library | Shelving location | Date acquired | Total Checkouts | Full call number | Barcode | Date last seen | Copy number | Price effective from | Koha item type |
|---|---|---|---|---|---|---|---|---|---|---|---|---|---|---|---|
| Dewey Decimal Classification | London | London | Journal article | 23/03/2001 | ABS63697 | 111618-1001 | 06/08/2019 | 1 | 06/08/2019 | Journal article |